Statistiques concernant Jouez au Scrabble en devinant des personnages Harry Potter

Cliquez ici pour prendre le quiz!

Statistiques générales

  • Ce quiz a été pris 3 373 fois
    (359 depuis la dernière actualisation)
  • Le résultat moyen est 182 sur 1216

Réponses sur la Carte

Les réponses sont colorées sur une échelle allant du rouge au vert en fonction du pourcentage des utilisateurs qui les ont devinées à leur premier essai. Vous pouvez retrouver ces pourcentages ci-dessous.
 

Statistiques - réponses

Personnages% Correct
Harry
97%
Hermione
93%
Ronald
86%
Albus
76%
Severus
54%
Ginevra
53%
Fred
51%
George
50%
Minerva
48%
Drago
46%
Arthur
44%
Sirius
43%
Luna
42%
Molly
42%
William
36%
Neville
35%
James
33%
Perceval
33%
Tom
31%
Lily
30%
Bellatrix
28%
Charles
28%
Rubeus
28%
Lucius
26%
Cédric
24%
Remus
24%
Abelforth
23%
Cho
22%
Dobby
22%
Xénophilius
20%
Fleur
19%
Alastor
16%
Dolores
16%
Seamus
16%
Narcissa
15%
Peter
15%
Dean
14%
Hedwige
14%
Viktor
14%
Dudley
12%
Petunia
12%
Nymphadora
11%
Vernon
11%
Filius
10%
Gregory
8%
Pomona
8%
Vincent
8%
Argus
7%
Gilderoy
7%
Lavande
7%
Kreattur
6%
Lee
6%
Pansy
6%
Bartemius
5%
Buck
5%
Cornelius
5%
Igor
5%
Fenrir
4%
Godric
4%
Kingsley
4%
Mondingus
4%
Olivier
4%
Olympe
4%
Poppy
4%
Salazar
4%
Sibylle
4%
Amos
3%
Angelina
3%
Bathilda
3%
Firenze
3%
Gellert
3%
Horace
3%
Myrtle
3%
Parvati
3%
Quirinus
3%
Rita
3%
Rufus
3%
Winky
3%
Bob
2%
Colin
2%
Crockdur
2%
Ernie
2%
Frank
2%
Fumseck
2%
Garrick
2%
Katie
2%
Marge
2%
Nicholas
2%
Pattenrond
2%
Peeves
2%
Cormac
1%
Elphias
1%
Elvis
1%
Graup
1%
Gripsec
1%
Coquecigrue
0%
Ludovic
0%
Morfin
0%
Phineas
0%
Stanley
0%

Distribution des résultats

Percentile par nombre de réponses

% des personnes avec chaque résultat

Votre développement - résultats

Vous n’avez pas pris ce quiz depuis la dernière actualisation